[Event "IECG CA.2001.0.00009"]
[Site "IECG email"]
[Date "2001.07.01"]
[Round "?"]
[White "Figueras, Jordi"]
[Black "Wolff, Steven D"]
[Result "1-0"]
[WhiteElo "2020"]
[BlackElo "2191"]
[PlyCount "67"]
[EventDate "2001.07.01"]
[EventType "tourn (corr)"]
[EventRounds "6"]
[SourceTitle "Corr 2008"]
[Source "ChessBase"]
[SourceDate "2008.06.24"]
[SourceVersion "1"]
[SourceVersionDate "2008.06.24"]
[SourceQuality "1"]

1. c4 c5 2. Nc3 Nc6 3. g3 g6 4. Bg2 Bg7 5. Nf3 e6 6. d3 Nge7 7. Be3 Nd4 8. Bxd4 cxd4 9. Nb5 Nf5 10. g4 a6 11. Qa4 Rb8 12. gxf5 axb5 13. Qxb5 gxf5 14. Rg1 Ra8 15. Bh1 Bf6 16. h3 Qa5+ 17. Qxa5 Rxa5 18. a4 b6 19. Kd1 Kd8 20. Kc2 Kc7 21. Nd2 Bb7 22. Bxb7 Kxb7 23. b4 Raa8 24. Nb3 Rhg8 25. a5 Rg6 26. axb6 Rxa1 27. Rxa1 Kxb6 28. c5+ Kb7 29. Na5+ Kb8 30. Nc4 Bd8 31. b5 f6 32. b6 Rg7 33. Ra7 Re7 34. Nd6 1-0

[Event "IECG CA.2001.0.00009"]
[Site "IECG email"]
[Date "2001.07.01"]
[Round "?"]
[White "Percze, Rajmond"]
[Black "Figueras, Jordi"]
[Result "1-0"]
[WhiteElo "2025"]
[BlackElo "2020"]
[PlyCount "57"]
[EventDate "2001.07.01"]
[EventType "tourn (corr)"]
[EventRounds "6"]
[SourceTitle "Corr 2008"]
[Source "ChessBase"]
[SourceDate "2008.06.24"]
[SourceVersion "1"]
[SourceVersionDate "2008.06.24"]
[SourceQuality "1"]

1. e4 e6 2. d4 d5 3. Nc3 Bb4 4. e5 b6 5. a3 Bf8 6. Bb5+ Bd7 7. Bd3 c5 8. Nf3 Nc6 9. 0-0 Nge7 10. Re1 Nxd4 11. Nxd4 cxd4 12. Nb5 Nc6 13. Qg4 Qb8 14. Bf4 g6 15. Bg5 a6 16. Bf6 h5 17. Qh4 Rg8 18. Nxd4 Nxd4 19. Qxd4 Be7 20. c4 Bc6 21. Bxe7 Kxe7 22. cxd5 Bxd5 23. Qb4+ Kd8 24. Rac1 a5 25. Qf4 Qb7 26. Red1 Ke8 27. Rd2 Rc8 28. Rxc8+ Qxc8 29. Rc2 1-0

[Event "IECG CA.2001.0.00009"]
[Site "IECG email"]
[Date "2001.07.01"]
[Round "?"]
[White "Walton, Alan J"]
[Black "Figueras, Jordi"]
[Result "1/2-1/2"]
[WhiteElo "2179"]
[BlackElo "2020"]
[PlyCount "83"]
[EventDate "2001.07.01"]
[EventType "tourn (corr)"]
[EventRounds "6"]
[SourceTitle "Corr 2008"]
[Source "ChessBase"]
[SourceDate "2008.06.24"]
[SourceVersion "1"]
[SourceVersionDate "2008.06.24"]
[SourceQuality "1"]

1. d4 f5 2. Bg5 g6 3. Nc3 d5 4. g3 Bg7 5. Bg2 c6 6. Nf3 Nd7 7. 0-0 Ngf6 8. Qc1 0-0 9. Bh6 Re8 10. Bxg7 Kxg7 11. Rd1 e5 12. dxe5 Nxe5 13. Nxe5 Rxe5 14. Qf4 Qe7 15. b4 Ne4 16. Nxe4 fxe4 17. a4 Bf5 18. g4 Bd7 19. c4 Rf8 20. Qg3 Qg5 21. cxd5 cxd5 22. h3 e3 23. fxe3 Qxe3+ 24. Qxe3 Rxe3 25. Bxd5 Rxe2 26. Bxb7 Rf7 27. Ba6 Rc2 28. Rf1 Bc6 29. Rxf7+ Kxf7 30. b5 Bf3 31. Ra3 Bd5 32. a5 Kf6 33. Rd3 Ke5 34. Rd1 g5 35. Rb1 Rg2+ 36. Kf1 Ra2 37. b6 axb6 38. axb6 Rxa6 39. b7 Bxb7 40. Rxb7 h6 41. Kf2 Ra2+ 42. Kf3 1/2-1/2